Animals-Tile Select Quiz - Statistics

General Stats
  • This quiz has been taken 94 times
  • The average score is 74 of 89
Answer Stats
Question Tile Select % Correct
Is a reptile?? Bear No
100%
are sea animals?? Butterfly No
100%
Is a reptile?? Cat No
100%
are sea animals?? Caterpillar No
100%
Is a reptile?? Giraffe No
100%
Is a reptile?? Hamster No
100%
Is a reptile?? Ostrich No
100%
Is a reptile?? Ox No
100%
Is a reptile?? Panda No
100%
Is a reptile?? Squirrel No
100%
Is a reptile?? Walrus No
100%
Is a reptile?? Whale No
100%
Is a reptile?? Zebra No
100%
can fly?? Ostrich No
99%
don't have predators? Fish No
97%
Is a reptile?? Lizard Yes
97%
don't have predators? Mice No
97%
can fly?? Penguin No
97%
are sea animals?? Dolphin Yes
96%
can fly?? Emu No
96%
can fly?? Hummingbird Yes
96%
Is only found in the continent of North America?? koala No
96%
Is only found in the continent of North America?? lion No
96%
Is only found in the continent of North America?? orangutan No
96%
are sea animals?? Sea Urchin Yes
96%
Is only found in the continent of North America?? tiger No
96%
live underground?? Toucan No
96%
are breeds of snakes? Flemish Giant No
95%
don't have predators? Rabbits No
95%
Is only found in the continent of North America?? rhino No
95%
can fly?? Vulture Yes
95%
can fly?? Woodpecker Yes
95%
Is a reptile?? Alligator Yes
93%
hibernate? Any fish No
93%
Is a reptile?? Crocodile Yes
93%
are breeds of snakes? English Lop No
93%
are breeds of dogs?? German Shepherd Yes
93%
are breeds of dogs?? Golden Retriever Yes
93%
are breeds of dogs?? Ragdoll No
93%
are extinct? Wooly Mammoth Yes
93%
live underground?? Worm Yes
93%
are breeds of snakes? Boa Constrictor Yes
92%
are breeds of snakes? Burmese Python Yes
92%
are sea animals?? Clam Yes
92%
are breeds of dogs?? Maine Coon No
92%
Is only found in the continent of North America?? platypus No
92%
don't have predators? Zebra No
92%
are extinct? Dodo Yes
91%
Is a reptile?? Geckos Yes
91%
Is only found in the continent of North America?? sloth No
91%
are sea animals?? Stingrays Yes
91%
can fly?? Geese Yes
89%
are sea animals?? Manatee Yes
89%
are sea animals?? Tuna Yes
89%
hibernate? Bears Yes
88%
are breeds of dogs?? Dachshund Yes
88%
Is only found in the continent of North America?? llama No
88%
are sea animals?? Polar Bear No
88%
Is only found in the continent of North America?? seal No
88%
live underground?? Poison Dart Frog No
86%
live underground?? Ocelot No
82%
Is only found in the continent of North America?? Bald Eagle Yes
81%
don't have predators? Komodo Dragon Yes
80%
can fly?? Kiwi No
78%
hibernate? Any amphibian No
77%
can fly?? Cassowary No
77%
don't have predators? Lion Yes
74%
don't have predators? Snow Leopard Yes
74%
Is a reptile?? Parvinatator No
73%
hibernate? Any reptile No
72%
don't have predators? Whale Shark Yes
72%
Is only found in the continent of North America?? Groundhog Yes
70%
are breeds of snakes? Corn Yes
69%
hibernate? muskrats No
69%
Is only found in the continent of North America?? Bison Yes
68%
Is only found in the continent of North America?? Black Bear Yes
64%
hibernate? Hedgehogs Yes
64%
are breeds of snakes? King Yes
58%
are extinct? Javan Tiger Yes
53%
hibernate? Bats Yes
50%
live underground?? Fennec Fox Yes
46%
Is only found in the continent of North America?? Gila Monster Yes
41%
hibernate? Box turtles Yes
39%
hibernate? Marmots Yes
39%
Is only found in the continent of North America?? Pronghorn Yes
36%
live underground?? Greater Bilby Yes
35%
Is only found in the continent of North America?? Luna Moth Yes
32%
are extinct? Golden Toad Yes
27%
are breeds of dogs?? Beagle No
7%
No matching quizzes found
Score Distribution
Percent of People with Each Score
Percentile by Number Answered
Your Score History
You have not taken this quiz